<?xml version="1.0" encoding="UTF-8"?>
<record
    xmlns:xsi="http://www.w3.org/2001/XMLSchema-instance"
    xsi:schemaLocation="http://www.loc.gov/MARC21/slim http://www.loc.gov/standards/marcxml/schema/MARC21slim.xsd"
    xmlns="http://www.loc.gov/MARC21/slim">

  <leader>06318nam a2200361 i 4500</leader>
  <controlfield tag="001">000025782</controlfield>
  <controlfield tag="003">DO-SdBNP</controlfield>
  <controlfield tag="005">20230821135343.0</controlfield>
  <controlfield tag="007">ta</controlfield>
  <controlfield tag="008">110222s2003    dr            000 0 spa d</controlfield>
  <datafield tag="040" ind1=" " ind2=" ">
    <subfield code="a">DO-SdBNP</subfield>
    <subfield code="b">spa</subfield>
    <subfield code="c">BNPHU</subfield>
    <subfield code="e">rda</subfield>
  </datafield>
  <datafield tag="082" ind1=" " ind2=" ">
    <subfield code="a">346.72930135</subfield>
    <subfield code="b">R426c, 2003</subfield>
    <subfield code="2">22</subfield>
  </datafield>
  <datafield tag="110" ind1="1" ind2=" ">
    <subfield code="a">Rep&#xFA;blica Dominicana.  [Leyes, etc.]</subfield>
    <subfield code="9">447</subfield>
  </datafield>
  <datafield tag="240" ind1="1" ind2="0">
    <subfield code="a">[Leyes, etc.]</subfield>
  </datafield>
  <datafield tag="245" ind1="1" ind2="0">
    <subfield code="a">C&#xF3;digo para el sistema de protecci&#xF3;n y los derechos fundamentales de ni&#xF1;os, ni&#xF1;as y adolescentes ley 136-03.</subfield>
  </datafield>
  <datafield tag="246" ind1="1" ind2="1">
    <subfield code="a">Ley 136-03</subfield>
  </datafield>
  <datafield tag="260" ind1=" " ind2=" ">
    <subfield code="b">,</subfield>
    <subfield code="c">2003.</subfield>
  </datafield>
  <datafield tag="264" ind1=" " ind2=" ">
    <subfield code="a">Santo Domingo :</subfield>
    <subfield code="b">CONANI,</subfield>
    <subfield code="c">2003</subfield>
  </datafield>
  <datafield tag="300" ind1=" " ind2=" ">
    <subfield code="a">183 p. ;</subfield>
    <subfield code="c">24 cm.</subfield>
  </datafield>
  <datafield tag="336" ind1=" " ind2=" ">
    <subfield code="2">rdacontent</subfield>
    <subfield code="a">texto</subfield>
    <subfield code="b">txt</subfield>
  </datafield>
  <datafield tag="337" ind1=" " ind2=" ">
    <subfield code="2">rdamedia</subfield>
    <subfield code="a">sin mediaci&#xF3;n</subfield>
    <subfield code="b">n</subfield>
  </datafield>
  <datafield tag="338" ind1=" " ind2=" ">
    <subfield code="2">rdacarrier</subfield>
    <subfield code="a">volumen</subfield>
    <subfield code="b">nc</subfield>
  </datafield>
  <datafield tag="505" ind1=" " ind2=" ">
    <subfield code="a">Principios generales 1 -- Garant&#xED;as y derechos fundamentales. Disposiciones generales 4 -- Derechos fundamentales 6 -- Derecho a la salud 14 -- Derecho a la protecci&#xF3;n laboral de ni&#xF1;os, ni&#xF1;as y adolescentes 16 -- Del derecho a la educaci&#xF3;n 19 -- Sistema nacional de protecci&#xF3;n de derechos de los ni&#xF1;os, ni&#xF1;as y adolescentes. Disposiciones generales 24 -- De las pol&#xED;ticas y programas 25 -- Del financiamiento del sistema nacional de protecci&#xF3;n de derecho de los ni&#xF1;os, ni&#xF1;as y adolescentes 26 -- Derecho de la familia. Disposiciones generales 27 -- De la filiaci&#xF3;n 28 -- De la autoridad del padre y de la madre 30 -- De la guarda y del r&#xE9;gimen de visita. Disposiciones generales sobre la guarda 34 -- Procedimiento de la guarda 36 -- R&#xE9;gimen de visitas 37 -- Demanda y sentencia de guarda y r&#xE9;gimen de visita 38 -- Del traslado o retenci&#xF3;n ilegal de ni&#xF1;o, ni&#xF1;a y adolescente 41 -- Filiaci&#xF3;n por adopci&#xF3;n |Disposiciones generales sobre la adopci&#xF3;n 41 -- Modalidad de la adopci&#xF3;n 42 -- La adopci&#xF3;n privilegiada nacional  condiciones de fondo de la adopci&#xF3;n privilegiada de las personas que pueden adoptar y ser adoptados 43.-- Condiciones relativas a los adoptados 45 -- Condiciones de forma de la adopci&#xF3;n privilegiada 45 -- Procedimiento de la adopci&#xF3;n privilegiada 47 -- Fase administrativa de la adopci&#xF3;n privilegiada 47 -- Fase administrativa jurisdiccional de la adopci&#xF3;n privilegiada 51 -- Sentencias de adopci&#xF3;n privilegiada y su publicidad 54 -- Nulidad de la adopci&#xF3;n 57 -- Generalidades sobre la adopci&#xF3;n internacional 58 -- Competencia 60 -- De los alimentos 60 -- Generalidades 60 -- Procedimientos 61 -- Medidas ordenadas por sentencia 64 -- Ejecuci&#xF3;n e interposici&#xF3;n de recursos a las sentencias de alimentos 66 -- Tutela y consejo de familia y homologaci&#xF3;n 68 -- Procedimientos especiales |Patrimonio de ni&#xF1;os, ni&#xF1;as y adolescentes amenazado por quien lo administra 68 -- Autorizaci&#xF3;n para viajar 69 -- Prescripciones 70 -- De la jurisdicci&#xF3;n de ni&#xF1;os, ni&#xF1;as y adolescentes |Disposiciones generales 71 -- De la justicia penal de la persona adolescente |Disposiciones generales 77 -- Garant&#xED;as procesales 79 -- De las acciones en el sistema de la justicia penal de la persona adolescente 81 -- De la acci&#xF3;n penal 81 -- De la acci&#xF3;n civil 83 -- Formas de terminaci&#xF3;n anticipada del proceso 84 -- De los sujetos procesales |De las personas adolescentes 84 -- De la defensa t&#xE9;cnica 87 -- Del Ministerio de ni&#xF1;os, ni&#xF1;as y adolescentes 89 -- Polic&#xED;a judicial de la persona adolescente 91 -- Del equipo multidisciplinario de atenci&#xF3;n integral 93 -- De los medios de prueba 96 -- Del proceso penal de la persona adolescente Disposiciones generales 96 -- Medidas cautelares 99 -- La investigaci&#xF3;n 103 -- El juicio de fondo 108 -- De los recursos 112 -- De la acci&#xF3;n de habeas corpus 116 -- Del recurso de amparo 116 -- De las sanciones |Disposiciones generales 117 -- Definiciones de las sanciones 119 -- De las sanciones privativas de libertad 121 -- Ejecuci&#xF3;n y cumplimiento de las sanciones penales por la persona adolescente 124 -- Principios generales y derechos durante la ejecuci&#xF3;n y cumplimiento de las sanciones 125 -- De las autoridades de la ejecuci&#xF3;n y cumplimiento de las sanciones 128 -- De la competencia en el control de la ejecuci&#xF3;n de las sanciones 129 -- Del &#xF3;rgano administrativo encargado de la ejecuci&#xF3;n y cumplimiento de las sanciones 130 -- De las sentencias que dispongan sanciones socio-educativas y ordenes de orientaci&#xF3;n y supervisi&#xF3;n 133 -- Ejecuci&#xF3;n de las ordenes de orientaci&#xF3;n y supervisi&#xF3;n 136 -- De la ejecuci&#xF3;n de las sanciones privativas de libertad durante el tiempo libre 140 -- Atribuciones excepcionales de la jurisdicci&#xF3;n de ni&#xF1;os, ni&#xF1;as y adolescentes |Infracciones que contienen sanciones pecuniarias 142 -- Competencia de jurisdicci&#xF3;n penal ordinaria |Infracciones que contienen sanciones privativas de libertad 144 -- Consejo Nacional para la Ni&#xF1;ez y la Adolescencia (CONANI) y medidas de protecci&#xF3;n y restituci&#xF3;n derechos 150 |Del consejo nacional para la ni&#xF1;ez y la adolescencia  creaci&#xF3;n e integraci&#xF3;n de CONANI y el funcionamiento de sus &#xF3;rganos administrativos 150 -- De la creaci&#xF3;n e integraci&#xF3;n del CONANI 150 -- Del directorio del CONANI 151 -- De la presidencia del consejo nacional para la ni&#xF1;ez, CONANI 156 -- De la oficina nacional 158 -- De los directorios municipales 160 -- De las oficinas municipales 162 -- Del financiamiento del consejo nacional para la ni&#xF1;ez y la adolescencia (CONANI) 1164 -- De la participaci&#xF3;n ciudadana y las organizaciones no gubernamentales 165 -- De la participaci&#xF3;n ciudadana 165 -- De los programas de las organizaciones no gubernamentales 166 -- De las medidas de protecci&#xF3;n y restituci&#xF3;n de derechos, el proceso y la ejecuci&#xF3;n 170 -- Disposiciones generales 170 -- De las juntas locales de protecci&#xF3;n y restituci&#xF3;n de derechos 172 -- Del proceso de protecci&#xF3;n y restituci&#xF3;n de derechos 174 -- Del proceso general 174 -- Del proceso especial para la colocaci&#xF3;n en familia sustituta 176 -- De la ejecuci&#xF3;n de las medidas 179</subfield>
  </datafield>
  <datafield tag="590" ind1=" " ind2=" ">
    <subfield code="a">Inventariado, 2023/DG</subfield>
  </datafield>
  <datafield tag="650" ind1=" " ind2="4">
    <subfield code="a">Derecho del familia</subfield>
    <subfield code="x">Legislaci&#xF3;n</subfield>
    <subfield code="z">Rep&#xFA;blica Dominicana</subfield>
    <subfield code="9">52584</subfield>
  </datafield>
  <datafield tag="650" ind1=" " ind2="4">
    <subfield code="a">Trabajo social con ni&#xF1;os</subfield>
    <subfield code="x">Legislaci&#xF3;n</subfield>
    <subfield code="9">17172</subfield>
  </datafield>
  <datafield tag="650" ind1=" " ind2="4">
    <subfield code="a">Ni&#xF1;os</subfield>
    <subfield code="x">Situaci&#xF3;n legal</subfield>
    <subfield code="9">5138</subfield>
  </datafield>
  <datafield tag="650" ind1=" " ind2="4">
    <subfield code="a">Leyes</subfield>
    <subfield code="z">Rep&#xFA;blica Dominicana</subfield>
    <subfield code="9">3033</subfield>
  </datafield>
  <datafield tag="651" ind1=" " ind2="4">
    <subfield code="a">Rep&#xFA;blica Dominicana</subfield>
    <subfield code="x">Ley 136-03</subfield>
    <subfield code="9">17173</subfield>
  </datafield>
  <datafield tag="710" ind1=" " ind2=" ">
    <subfield code="a">Consejo Nacional para la Ni&#xF1;ez</subfield>
    <subfield code="9">9270</subfield>
  </datafield>
  <datafield tag="910" ind1=" " ind2=" ">
    <subfield code="a">DG</subfield>
  </datafield>
  <datafield tag="942" ind1=" " ind2=" ">
    <subfield code="2">ddc</subfield>
    <subfield code="c">LBS1</subfield>
  </datafield>
  <datafield tag="952" ind1=" " ind2=" ">
    <subfield code="0">0</subfield>
    <subfield code="1">0</subfield>
    <subfield code="2">ddc</subfield>
    <subfield code="5">1</subfield>
    <subfield code="7">0</subfield>
    <subfield code="8">PD</subfield>
    <subfield code="a">BNPHU</subfield>
    <subfield code="b">BNPHU</subfield>
    <subfield code="c">CT</subfield>
    <subfield code="d">2023-08-21</subfield>
    <subfield code="l">0</subfield>
    <subfield code="o">BNPHU PD 346.72930135 R426c, 2003</subfield>
    <subfield code="p">2023-5464</subfield>
    <subfield code="r">2023-08-21</subfield>
    <subfield code="w">2023-08-21</subfield>
    <subfield code="y">LBS1</subfield>
  </datafield>
  <datafield tag="999" ind1=" " ind2=" ">
    <subfield code="c">54495</subfield>
    <subfield code="d">54495</subfield>
  </datafield>
</record>
